The other medicines /

Bibliographic Details
Main Author: Grossman, Richard L. (Richard Lee), 1921-2014
Format: Book
Language:English
Published: Garden City, N.Y. : Doubleday, 1985.
Edition:1st ed.
Subjects:

MARC

Tag First Indicator Second Indicator Subfields
LEADER 00000cam a2200000 a 4500
001 in00000438113
005 20151012075856.0
008 850312s1985 nyua b 00110 eng
010 |a  80002857  
020 |a 0385158343 :  |c $19.95 
020 |a 0385158351 (pbk.) :  |c $9.95 
035 |a (OCoLC)11867707 
035 |9 ABX4353AM 
039 0 |a 2  |b 3  |c 3  |d 3  |e 3 
040 |a DLC  |c DLC  |d HML  |d TXA  |d UtOrBLW 
049 |a TXAM  |c [A10057129] 
050 0 0 |a RM700  |b .G76 1985 
082 0 |a 615.5  |2 19 
096 |a WB 365 G878o 1985 
100 1 |a Grossman, Richard L.  |q (Richard Lee),  |d 1921-2014. 
245 1 4 |a The other medicines /  |c Richard Grossman. 
250 |a 1st ed. 
264 1 |a Garden City, N.Y. :  |b Doubleday,  |c 1985. 
300 |a xiii, 224 pages :  |b illustrations ;  |c 24 cm. 
336 |a text  |b txt  |2 rdacontent 
337 |a unmediated  |b n  |2 rdamedia 
338 |a volume  |b nc  |2 rdacarrier 
500 |a Includes index. 
504 |a Bibliography: pages 195-213. 
650 0 |a Therapeutics, Physiological. 
650 2 |a Complementary Therapies  |x popular works. 
650 2 |a Medicine, Traditional  |x popular works. 
650 2 |a Therapeutics  |x popular works. 
999 |a MARS 
999 f f |s f2c5f34a-1910-34cf-a73f-64a648e0eb60  |i e79789e9-8917-3af4-b731-716682e7d29b  |t 0 
952 f f |p ric  |a Texas A&M University  |b Rellis Campus  |c Joint Library Facility  |d Remote Storage  |t 0  |e RM700 .G76 1985  |h Library of Congress classification  |i unmediated -- volume  |m A14810057129 
998 f f |a RM700 .G76 1985  |t 0  |l Remote Storage